Un catecismo del siglo XVI/ (Registro nro. 101004)

Detalles MARC
000 -LEADER
campo de control de longitud fija 01608nam a2200421 i 4500
001 - NÚMERO DE CONTROL
campo de control MOR01000101331
003 - IDENTIFICADOR DE NÚMERO DE CONTROL
campo de control $$amxdfmo
005 - FECHA Y HORA DE LA ÚLTIMA TRANSACCIÓN
campo de control 20260331230538.0
008 - DATOS DE LONGITUD FIJA--INFORMACIÓN GENERAL
campo de control de longitud fija 151005s1983 dfma g 000 0 spa d
035 ## - NÚMERO DE CONTROL DEL SISTEMA
Número de control de sistema 152189
040 ## - FUENTE DE CATALOGACIÓN
Centro catalogador/agencia de origen mxcmmo
Lengua de catalogación spa
Centro/agencia transcriptor mxcmmo
Normas de descripción rda
041 0# - CÓDIGO DE IDIOMA
Código de lengua del texto/banda sonora o título independiente spa
043 ## - CÓDIGO DE ÁREA GEOGRÁFICA
Código de área geográfica n-mx---
045 ## - PERIODO DE TIEMPO DEL CONTENIDO
Código de periodo de tiempo t2t9
082 04 - NÚMERO DE LA CLASIFICACIÓN DECIMAL DEWEY
Número de clasificación 972.002
Número de ítem MIS.3
245 03 - MENCIÓN DEL TÍTULO
Título Un catecismo del siglo XVI/
Mención de responsabilidad, etc. [Introducción] Carlos Martínez Marín ; edición de Zita Basich de Canessi
250 ## - MENCION DE EDICION
Mención de edición Segunda edición
264 #1 - PRODUCCIÓN, PUBLICACIÓN, DISTRIBUCIÓN, FABRICACIÓN Y COPYRIGHT
Producción, publicación, distribución, fabricación y copyright México:
Nombre del de productor, editor, distribuidor, fabricante [editor no identificado],
Fecha de producción, publicación, distribución, fabricación o copyright 1983
300 ## - DESCRIPCIÓN FÍSICA
Extensión [24] páginas:
Otras características físicas dibujos;
Dimensiones 17 cm
336 ## - TIPO DE CONTENIDO
Término de tipo de contenido texto
Código de tipo de contenido txt
Fuente rdacontent
337 ## - TIPO DE MEDIO
Nombre/término del tipo de medio sin medio
Código del tipo de medio n
Fuente rdamedia
338 ## - TIPO DE SOPORTE
Nombre/término del tipo de soporte volumen
Código del tipo de soporte nc
Fuente rdacarrier
500 ## - NOTA GENERAL
Nota general Reverso de la contraportada: "Esta es la segunda edición de «Un catecismo del siglo XVI», promovida por Zita Basich quien calcó y coloreó los pictogramas y manuscribió el prólogo. Consta el tiraje de 100 ejemplares numerados. Ejemplar número 7"
500 ## - NOTA GENERAL
Nota general Título de la cubierta
561 0# - PROPIEDAD E HISTORIA DE CUSTODIA/NOTA DE PROCEDENCIA
Historial Fondo Gabriel Vargas
650 #7 - PUNTO DE ACCESO ADICIONAL DE MATERIA--TÉRMINO DE MATERIA
Término de materia o nombre geográfico como elemento de entrada Catecismos mexicanos
9 (RLIN) 108092
700 1# - ENTRADA AGREGADA--NOMBRE PERSONAL
Nombre de persona Basich, Zita
Término indicativo de función/relación editor
9 (RLIN) 179445
700 1# - ENTRADA AGREGADA--NOMBRE PERSONAL
Nombre de persona Martínez Marín, Carlos
Término indicativo de función/relación prologuista
9 (RLIN) 21849
900 ## - ELEMENTOS DE DATOS A LOCAL, LDA (RLIN)
Nombre de persona BERENICE
Numeración 30
Títulos y otros términos asociados al nombre 20151216
Lenguaje de la obra MOR01
-- 1056
900 ## - ELEMENTOS DE DATOS A LOCAL, LDA (RLIN)
Nombre de persona KLASY
Numeración 30
Títulos y otros términos asociados al nombre 20160211
Lenguaje de la obra MOR01
-- 1511
900 ## - ELEMENTOS DE DATOS A LOCAL, LDA (RLIN)
Nombre de persona KLASY
Numeración 30
Títulos y otros términos asociados al nombre 20161003
Lenguaje de la obra MOR01
-- 1530
900 ## - ELEMENTOS DE DATOS A LOCAL, LDA (RLIN)
Nombre de persona LUIS
Numeración 02
Títulos y otros términos asociados al nombre 20151005
Lenguaje de la obra MOR01
-- 1304
900 ## - ELEMENTOS DE DATOS A LOCAL, LDA (RLIN)
Nombre de persona LUIS
Numeración 02
Títulos y otros términos asociados al nombre 20151005
Lenguaje de la obra MOR01
-- 1304
900 ## - ELEMENTOS DE DATOS A LOCAL, LDA (RLIN)
Nombre de persona TOMAS
Numeración 30
Títulos y otros términos asociados al nombre 20160927
Lenguaje de la obra MOR01
-- 1148
900 ## - ELEMENTOS DE DATOS A LOCAL, LDA (RLIN)
Nombre de persona VOBO
Numeración 40
Títulos y otros términos asociados al nombre 20170125
Lenguaje de la obra MOR01
-- 1020
904 ## - ELEMENTOS DE DATOS D LOCAL, LDD (RLIN)
a UPDATE
942 ## - ELEMENTOS DE ENTRADA SECUNDARIOS (KOHA)
Código de la institución [OBSOLETO] BK
901 ## - ELEMENTOS DE DATOS A LOCAL LDA (RLIN)
a batch batch
Existencias
Estatus retirado Estado de pérdida Fuente del sistema de clasificación o colocación Estado de daño No para préstamo Colección Biblioteca de origen Biblioteca actual Ubicación en estantería Fecha de adquisición Fuente de adquisición Número de inventario Total de préstamos Signatura topográfica completa Código de barras Visto por última vez Precio de reemplazo Tipo de ítem Koha
    Clasificación Decimal Dewey     Fondo Gabriel Vargas Biblioteca Nicolas Poussin Biblioteca Nicolas Poussin Regular 17/12/2015   128236   (GV)/972.002 MIS.3 33068001341740 03/09/2024 03/09/2024 Libro préstamo regular